Journal of marketing & public policy.

Bibliographic Details
New Title:Journal of public policy & marketing (Online)
Corporate Author: University of Michigan. Graduate School of Business Administration. Division of Research
Format: Serial
Language:English
Published: Ann Arbor : Division of Research, Graduate School of Business Administration, University of Michigan, 1982.
Subjects:
Online Availability: Check for online availability

MARC

Tag First Indicator Second Indicator Subfields
LEADER 00000cas a2200000 a 4500
001 in00002784598
005 20151202171847.0
006 m d
007 cr |||||||||||
008 081121d19821982miuar oo s0 0eng d
010 |a  2008234468 
016 7 |a 991433491  |2 DE-101 
016 7 |a 2467429-1  |2 DE-600 
016 7 |a 24674291  |2 de-600 
022 |y 0748-6766 
029 1 |a AU@  |b 000043709293 
029 1 |a NZ1  |b 12798198 
029 1 |a AU@  |b 000043830599 
029 1 |a AU@  |b 000044942549 
029 1 |a AU@  |b 000045723937 
029 1 |a GWDNB  |b 991433491 
029 1 |a AU@  |b 000043643426 
029 1 |a GBVCP  |b 585671273 
035 |a (OCoLC)ocn276175207 
035 |a (OCoLC)276175207 
040 |a EYM  |c EYM  |d HUL  |d GWDNB  |d GBVCP  |d TXA  |d UtOrBLW 
042 |a lcd 
049 |a TXAM 
050 1 4 |a HF5410  |b .J69 Electronic 
245 0 0 |a Journal of marketing & public policy. 
246 1 3 |a JM & PP 
246 1 3 |a J.M. & P.P. 
246 1 3 |a Journal of marketing and public policy 
246 1 3 |a JM and PP 
264 1 |a Ann Arbor :  |b Division of Research, Graduate School of Business Administration, University of Michigan,  |c 1982. 
310 |a Annual 
336 |a text  |b txt  |2 rdacontent 
337 |a computer  |b c  |2 rdamedia 
338 |a online resource  |b cr  |2 rdacarrier 
362 1 |a Began and ceased with: Vol. 1 (1982). 
500 |a Description based on: Volume 1 (1982); title from cover (JSTOR, viewed Nov. 21, 2008). 
500 |a Electronic resource. 
650 0 |a Marketing  |x Social aspects  |v Periodicals. 
710 2 |a University of Michigan.  |b Graduate School of Business Administration.  |b Division of Research. 
776 0 8 |i Print version:  |t Journal of marketing & public policy  |x 0748-6766  |w (DLC) 84649780  |w (OCoLC)8713710 
785 0 0 |t Journal of public policy & marketing (Online)  |x 1547-7207  |w (DLC) 2003214072  |w (OCoLC)53816554 
948 |a cataloged  |b h  |c 2012/12/14  |d c  |e spoltoratski  |f 9:34:32 am  |g sc 
994 |a C0  |b TXA 
999 |a MARS 
999 f f |s c08a82c7-1071-366a-9034-d720c2e73f73  |i c8324fdf-5615-3758-b6ba-28ddf572344d  |t 0 
952 f f |a Texas A&M University  |b College Station  |c Electronic Resources  |d Available Online  |t 0  |e HF5410 .J69  |g Electronic  |h Library of Congress classification 
998 f f |a HF5410 .J69  |t 0  |l Available Online